000 00298nam a2200121Ia 4500
008 240731s9999 xx 000 0 und d
022 _a1958-5551
245 0 _aLa Houille Blanche
260 _bTaylor & Francis
856 _uhttps://www.tandfonline.com/loi/tlhb20
942 _2ddc
942 _cTFEJ
999 _c78384
_d78384
945 _a1
_bMadushi Gamage
_c1
_dMadushi Gamage